Teach yourself database programming with JDBC in 21 days / (Record no. 62162)
[ view plain ]
| 000 -LEADER | |
|---|---|
| fixed length control field | 01218cam a2200337 a 4500 |
| 001 - CONTROL NUMBER | |
| control field | 2582599 |
| 003 - CONTROL NUMBER IDENTIFIER | |
| control field | NUST-PNEC |
| 005 - DATE AND TIME OF LATEST TRANSACTION | |
| control field | 20170116180740.0 |
| 008 - FIXED-LENGTH DATA ELEMENTS--GENERAL INFORMATION | |
| fixed length control field | 960503s1997 inu 001 0 eng d |
| 010 ## - LIBRARY OF CONGRESS CONTROL NUMBER | |
| LC control number | 96068241 |
| 020 ## - INTERNATIONAL STANDARD BOOK NUMBER | |
| International Standard Book Number | 1575211238 |
| 020 ## - INTERNATIONAL STANDARD BOOK NUMBER | |
| International Standard Book Number | 817635015X |
| 035 ## - SYSTEM CONTROL NUMBER | |
| System control number | (OCoLC)36864986 |
| 035 ## - SYSTEM CONTROL NUMBER | |
| System control number | 487420 |
| 040 ## - CATALOGING SOURCE | |
| Transcribing agency | PNEC |
| 042 ## - AUTHENTICATION CODE | |
| Authentication code | lccopycat |
| 050 00 - LIBRARY OF CONGRESS CALL NUMBER | |
| Classification number | QA76.625 |
| Item number | .H63 1997 |
| 082 00 - DEWEY DECIMAL CLASSIFICATION NUMBER | |
| Classification number | 005.756 HOB |
| Edition number | 21 |
| 100 1# - MAIN ENTRY--PERSONAL NAME | |
| Personal name | Hobbs, Ashton. |
| 245 10 - TITLE STATEMENT | |
| Title | Teach yourself database programming with JDBC in 21 days / |
| Statement of responsibility, etc. | Ashton Hobbs. |
| 246 3# - VARYING FORM OF TITLE | |
| Title proper/short title | Database programming with JDBC in 21 days |
| 250 ## - EDITION STATEMENT | |
| Edition statement | 1st ed. |
| 260 ## - PUBLICATION, DISTRIBUTION, ETC. | |
| Place of publication, distribution, etc. | Indianapolis, Ind. : |
| Name of publisher, distributor, etc. | Sams.net, |
| Date of publication, distribution, etc. | c1997. |
| 300 ## - PHYSICAL DESCRIPTION | |
| Extent | xxvii, 524 p. ; |
| Dimensions | 23 cm. |
| 500 ## - GENERAL NOTE | |
| General note | Includes index. |
| 650 #0 - SUBJECT ADDED ENTRY--TOPICAL TERM | |
| Topical term or geographic name entry element | Database management. |
| General subdivision | MIS, Computer |
| 856 ## - ELECTRONIC LOCATION AND ACCESS | |
| Uniform Resource Identifier | <a href="http://www.amazon.com/Teach-Yourself-Database-Programming-Jdbc/dp/1575211238/ref=sr_1_1?s=books&ie=UTF8&qid=1418510243&sr=1-1&keywords=teach+yourself+database+programming+with+JDBC">http://www.amazon.com/Teach-Yourself-Database-Programming-Jdbc/dp/1575211238/ref=sr_1_1?s=books&ie=UTF8&qid=1418510243&sr=1-1&keywords=teach+yourself+database+programming+with+JDBC</a> |
| 906 ## - LOCAL DATA ELEMENT F, LDF (RLIN) | |
| a | 7 |
| b | cbc |
| c | copycat |
| d | 2 |
| e | opcn |
| f | 19 |
| g | y-gencatlg |
| 942 ## - ADDED ENTRY ELEMENTS (KOHA) | |
| Source of classification or shelving scheme | |
| Koha item type | Book |
| Withdrawn status | Lost status | Source of classification or shelving scheme | Damaged status | Not for loan | Permanent Location | Current Location | Shelving location | Date acquired | Source of acquisition | Cost, normal purchase price | Total Checkouts | Full call number | Barcode | Date last seen | Cost, replacement price | Price effective from | Koha item type |
|---|---|---|---|---|---|---|---|---|---|---|---|---|---|---|---|---|---|
| Pakistan Navy Engineering College (PNEC) | Pakistan Navy Engineering College (PNEC) | 01/04/1999 | - | 550.00 | 005.756 HOB | PNECLIB-020637 | 12/14/2014 | 550.00 | 01/04/1999 | Book |
